Propuesta de acción para el procesamiento de datos censales

保存先:
書誌詳細
団体著者: Consejo Nacional de Investigaciones Científicas y Tecnológicas
フォーマット: テキスト
出版事項: San José: ADEC
主題:
タグ: タグ追加
タグなし, このレコードへの初めてのタグを付けませんか!

MARC

LEADER 00000 a a2200000 04500
001 14445
003
040
090 |a 022500  
110 |a Consejo Nacional de Investigaciones Científicas y Tecnológicas  
245 |a Propuesta de acción para el procesamiento de datos censales  
260 |a San José:   |b ADEC  
300 |a 2 p  
650 |a CENSOS  
650 |a PROCESAMIENTO DE DATOS  
999 |c 16085  |d 16085